[Event "Canakkale"]
[Site "?"]
[Date "1994.??.??"]
[Round "?"]
[White "Oral, T."]
[Black "Istratescu, A."]
[Result "0-1"]
[WhiteElo "2375"]
[BlackElo "2505"]
[PlyCount "92"]
[EventDate "1994.??.??"]
[Source "ChessBase"]
[SourceDate "1994.06.01"]

1. d4 Nf6 2. c4 g6 3. Nc3 Bg7 4. e4 d6 5. Be2 O-O 6. Bg5 c5 7. d5 e6 8. Qd2 exd5 9. exd5 a6 10. Nf3 Bg4 11. O-O Nbd7 12. h3 Bxf3 13. Bxf3 Re8 14. Be2 Qb6 15. Qc2 h6 16. Bh4 Nh7 17. f4 Bd4+ 18. Kh1 Nhf6 19. Bd3 Kg7 20. Rf3 Re3 21. Rxe3 Bxe3 22. Rf1 Re8 23. g4 Bd4 24. g5 Nh5 25. gxh6+ Kxh6 26. Qg2 Re3 27. Bxg6 fxg6 28. f5 Ne5 29. fxg6 Kg7 30. Nd1 Rd3 31. Qg5 Nxg6 32. Qf5 Nhf4 33. Nf2 Bxf2 34. Bf6+ Kg8 35. Rxf2 Rxh3+ 36. Kg1 Qb4 37. Bc3 Rxc3 38. Qc8+ Kg7 39. Qd7+ Kh6 40. Rh2+ Rh3 41. Rxh3+ Nxh3+ 42. Qxh3+ Kg5 43. Qg3+ Kf5 44. Qh3+ Kf6 45. Qe6+ Kg5 46. Qe3+ Nf4 0-1

[Event "Neckar op 2nd"]
[Site "Deizisau"]
[Date "1998.04.11"]
[Round "7"]
[White "Farago, Ivan"]
[Black "Kekelidze, Mikheil"]
[Result "1/2-1/2"]
[WhiteElo "2475"]
[BlackElo "2405"]
[PlyCount "21"]
[EventDate "1998.04.05"]
[Source "www.chesslib.no"]
[SourceDate "2004.05.04"]

1. d4 Nf6 2. c4 c5 3. d5 d6 4. Nc3 g6 5. e4 Bg7 6. Be2 O-O 7. Bg5 e6 8. Qd2 exd5 9. exd5 Re8 10. Nf3 Bf5 11. O-O 1/2-1/2

[Event "Vrnjacka Banja"]
[Site "Vrnjacka Banja YUG"]
[Date "1985.??.??"]
[Round "15"]
[White "Lukacs, Peter"]
[Black "Damljanovic, Branko"]
[Result "1/2-1/2"]
[WhiteElo "2470"]
[BlackElo "2410"]
[PlyCount "80"]
[EventDate "1985.??.??"]
[Source "www.chesslib.no"]
[SourceDate "2004.05.04"]

1. d4 Nf6 2. c4 g6 3. Nc3 Bg7 4. e4 d6 5. Be2 O-O 6. Bg5 c5 7. d5 e6 8. Qd2 exd5 9. exd5 Re8 10. Nf3 Bg4 11. O-O Nbd7 12. h3 Bxf3 13. Bxf3 a6 14. a4 Qb6 15. Qc2 h5 16. Rae1 Nh7 17. Bd2 Bd4 18. Bd1 Nhf6 19. b3 Rxe1 20. Rxe1 Re8 21. Ne2 Qd8 22. Nxd4 cxd4 23. Qd3 Rxe1+ 24. Bxe1 Qe7 25. Kf1 Qe5 26. f3 Nc5 27. Qd2 b5 28. axb5 axb5 29. Bf2 bxc4 30. bxc4 d3 31. Bxc5 dxc5 32. Qxd3 Ne8 33. Qe2 Qxe2+ 34. Bxe2 Nd6 35. Bd3 h4 36. Kf2 f5 37. g3 hxg3+ 38. Kxg3 Kf7 39. h4 Kf6 40. Kf4 Nf7 1/2-1/2

[Event "Katowice Open"]
[Site "Katowice POL"]
[Date "1995.??.??"]
[Round "6"]
[White "Sapis, Witalis"]
[Black "Kempinski, Robert"]
[Result "1/2-1/2"]
[WhiteElo "2440"]
[BlackElo "2435"]
[PlyCount "36"]
[EventDate "1995.??.??"]
[Source "www.chesslib.no"]
[SourceDate "2004.05.04"]

1. d4 Nf6 2. c4 g6 3. Nc3 Bg7 4. e4 O-O 5. Be2 d6 6. Bg5 c5 7. d5 a6 8. a4 e6 9. Qd2 exd5 10. exd5 Re8 11. Nf3 Bg4 12. O-O Nbd7 13. h3 Bxf3 14. Bxf3 Qb6 15. Qc2 Re5 16. Bd2 Rae8 17. Rae1 Rxe1 18. Rxe1 Rxe1+ 1/2-1/2

[Event "XI Festival"]
[Site "Voronezh RUS"]
[Date "2007.06.13"]
[Round "2"]
[White "Slugin, S."]
[Black "Petrushin, A."]
[Result "1/2-1/2"]
[WhiteElo "2383"]
[BlackElo "2492"]
[PlyCount "54"]
[EventDate "2007.06.12"]
[Source "www.chesslib.no"]
[SourceDate "2004.05.04"]

1. d4 Nf6 2. c4 g6 3. Nc3 Bg7 4. e4 O-O 5. Be2 d6 6. Bg5 c5 7. d5 e6 8. Qd2 exd5 9. exd5 a6 10. a4 Re8 11. Nf3 Bg4 12. O-O Nbd7 13. h3 Bxf3 14. Bxf3 Qa5 15. Qc2 h6 16. Bd2 Qc7 17. Rfe1 Nh7 18. Rxe8+ Rxe8 19. Re1 Rxe1+ 20. Bxe1 Ne5 21. Be2 h5 22. Bd2 f5 23. f4 Nf7 24. Bd3 Bd4+ 25. Kh2 Qe7 26. Qd1 Nf6 27. Qe1 Kf8 1/2-1/2

[Event "Belgrade"]
[Site "Belgrade"]
[Date "1984.??.??"]
[Round "?"]
[White "Lukacs, Peter"]
[Black "Velickovic, Sasa"]
[Result "1/2-1/2"]
[WhiteElo "2470"]
[BlackElo "2400"]
[PlyCount "59"]
[EventDate "1984.05.??"]
[Source "ChessBase"]

1. d4 Nf6 2. c4 c5 3. d5 g6 4. Nc3 Bg7 5. e4 O-O 6. Be2 d6 7. Bg5 e6 8. Qd2 exd5 9. exd5 Re8 10. Nf3 Bg4 11. O-O Nbd7 12. h3 Bxf3 13. Bxf3 a6 14. a4 Qc7 15. a5 h5 16. Qc2 Nh7 17. Bd2 Qd8 18. Rfe1 Ne5 19. Be2 f5 20. g3 h4 21. Kg2 hxg3 22. fxg3 Re7 23. Rf1 Qd7 24. g4 fxg4 25. hxg4 Rae8 26. Kg3 Nf7 27. Bf3 Ne5 28. Be2 Nf7 29. Bf3 Ne5 30. Be2 1/2-1/2

[Event "Torneo GM"]
[Site "Marianske Lazne CEC"]
[Date "2009.01.19"]
[Round "3"]
[White "Moor, Olivier"]
[Black "Ivanov, Mikhail M"]
[Result "0-1"]
[WhiteElo "2369"]
[BlackElo "2497"]
[PlyCount "108"]
[EventDate "2009.01.17"]
[Source "www.chesslib.no"]
[SourceDate "2004.05.04"]

1. d4 Nf6 2. c4 g6 3. Nc3 Bg7 4. e4 d6 5. Be2 O-O 6. Bg5 c5 7. d5 h6 8. Bd2 e6 9. Nf3 exd5 10. exd5 Na6 11. O-O Nc7 12. a4 Na6 13. h3 Nb4 14. Bf4 g5 15. Bh2 Bf5 16. Ne1 Ne4 17. Ra3 Re8 18. g4 Bg6 19. f3 Nf6 20. Nb5 Qe7 21. Bd3 Nxd3 22. Nxd3 Rad8 23. Re1 Qf8 24. Rxe8 Nxe8 25. Nxa7 f5 26. Nb5 Rd7 27. Kg2 Qf6 28. a5 Re7 29. Rb3 h5 30. Nf2 hxg4 31. hxg4 f4 32. Nc3 Qe5 33. Nfe4 Nf6 34. Nxf6+ Bxf6 35. Bg1 Rh7 36. Bf2 Qe8 37. Rb6 Qf8 38. Ne4 Bxe4 39. fxe4 Qh6 40. Rb3 Qh2+ 41. Kf1 Qh1+ 42. Ke2 Qxe4+ 43. Kd2 Qxc4 44. Bg1 Qxd5+ 45. Rd3 Qg2+ 46. Qe2 Qxe2+ 47. Kxe2 Be5 48. Rd5 Re7 49. Kf3 Kf7 50. Rd2 Ke6 51. Rh2 Kd5 52. b3 Kc6 53. Rh5 Rg7 54. Ke4 Kb5 0-1

[Event "New York op"]
[Site "New York"]
[Date "1988.??.??"]
[Round "?"]
[White "San Segundo Carrillo, Pablo"]
[Black "Damljanovic, Branko"]
[Result "0-1"]
[WhiteElo "2340"]
[BlackElo "2525"]
[PlyCount "63"]
[EventDate "1988.03.??"]
[Source "ChessBase"]

1. d4 Nf6 2. c4 g6 3. Nc3 Bg7 4. e4 d6 5. Be2 O-O 6. Bg5 c5 7. d5 a6 8. a4 e6 9. Qd2 exd5 10. exd5 Re8 11. Nf3 Bg4 12. O-O Nbd7 13. h3 Bxf3 14. Bxf3 Qb6 15. a5 Qc7 16. Rfe1 Rxe1+ 17. Qxe1 h5 18. Qd2 Re8 19. Bf4 Nh7 20. Na4 Bd4 21. Re1 Ne5 22. Bd1 Qd8 23. Nb6 Qh4 24. Bxe5 Rxe5 25. Rxe5 Bxe5 26. Nd7 Bd4 27. Qe2 Qd8 28. Nb6 Qf6 29. b3 Qf4 30. Bc2 Nf6 31. Nc8 h4 32. Ne7+ 0-1

[Event "White Nights, St Petersburg RUS"]
[Site "?"]
[Date "2001.??.??"]
[Round "4"]
[White "Zakharevich, I."]
[Black "Bratchenko, A."]
[Result "1/2-1/2"]
[WhiteElo "2485"]
[BlackElo "2380"]
[PlyCount "200"]
[EventDate "2001.??.??"]
[Source "www.chesslib.no"]
[SourceDate "2004.05.04"]

1. d4 Nf6 2. c4 g6 3. Nc3 Bg7 4. e4 d6 5. Be2 O-O 6. Bg5 c5 7. d5 e6 8. Qd2 exd5 9. exd5 Re8 10. Nf3 a6 11. a4 Bg4 12. O-O Nbd7 13. h3 Bxf3 14. Bxf3 Qa5 15. Qc2 Re7 16. Bd2 Qc7 17. Rae1 Rae8 18. Rxe7 Rxe7 19. g4 Ne8 20. Bg2 Bd4 21. Kh1 Ng7 22. Bg5 Re8 23. Ne2 Bf6 24. Bc1 Qd8 25. Ng3 Bh4 26. Qb3 b6 27. Ne4 Nf6 28. Ng5 Nd7 29. Nf3 Be7 30. Bh6 Bf6 31. Bf4 Ne5 32. Nd2 Bh4 33. Bxe5 dxe5 34. a5 bxa5 35. Ne4 h5 36. Nxc5 hxg4 37. hxg4 Qc8 38. Ne4 Qxg4 39. c5 Nh5 40. Qh3 Qf4 41. d6 f5 42. d7 Rf8 43. c6 Bd8 44. Nc5 Qc4 45. Qb3 Qxb3 46. Nxb3 Nf4 47. Ra1 Kf7 48. Nxa5 Ke7 49. Nc4 Bc7 50. Rxa6 Rb8 51. Ra7 Kd8 52. Na5 Rxb2 53. Ra8+ Ke7 54. Re8+ Kf6 55. d8=Q+ Bxd8 56. Rxd8 Rc2 57. Rd7 e4 58. Rd4 Ke6 59. Rc4 Rxc4 60. Nxc4 Nd3 61. Kg1 Nb4 62. c7 Kd7 63. Ne5+ Kxc7 64. Nxg6 Kd6 65. Kf1 Ke6 66. Nh4 Kf6 67. Bh3 f4 68. Bc8 Nd5 69. Bb7 Nc3 70. Ke1 Kg5 71. Ng2 Kf5 72. Bc8+ Kg5 73. Bd7 Nd5 74. Bc6 Nf6 75. Kf1 Kf5 76. Bb7 Ke5 77. Nh4 Kd4 78. Bc8 Kd3 79. Ng2 Kd2 80. Nxf4 e3 81. f3 Nh5 82. Ne2 Nf6 83. Ba6 Nh5 84. Kg2 Ke1 85. f4 Nxf4+ 86. Nxf4 Kd1 87. Kf3 Kd2 88. Ne2 Kc2 89. Kxe3 Kb3 90. Kd4 Kb4 91. Bc4 Ka3 92. Nc3 Kb2 93. Nb5 Kc2 94. Ke3 Kb2 95. Kd2 Ka1 96. Nc7 Kb2 97. Nd5 Ka1 98. Bd3 Kb2 99. Ne3 Ka1 100. Kc3 Ka2 1/2-1/2

[Event "San Sebastian Open"]
[Site "San Sebastian ESP"]
[Date "1991.??.??"]
[Round "4"]
[White "Sorin, Ariel"]
[Black "Romero Holmes, Alfonso"]
[Result "1/2-1/2"]
[WhiteElo "2405"]
[BlackElo "2460"]
[PlyCount "53"]
[EventDate "1991.03.??"]
[Source "www.chesslib.no"]
[SourceDate "2004.05.04"]

1. d4 Nf6 2. c4 g6 3. Nc3 Bg7 4. e4 d6 5. Be2 O-O 6. Bg5 c5 7. d5 e6 8. Qd2 exd5 9. exd5 Re8 10. Nf3 Bg4 11. O-O Nbd7 12. h3 Bxf3 13. Bxf3 a6 14. a4 Qb6 15. Qc2 h5 16. Be2 Nh7 17. Bd2 Qd8 18. f4 f5 19. g4 fxg4 20. hxg4 Qh4 21. Kg2 Rxe2+ 22. Nxe2 Qxg4+ 23. Kf2 Re8 24. Rae1 Qh4+ 25. Kg2 Qg4+ 26. Kf2 Qh4+ 27. Kg2 1/2-1/2

[Event "Camp. turco"]
[Site "Ankara TUR"]
[Date "2008.04.03"]
[Round "12"]
[White "Atalik, S."]
[Black "Kilicaslan, H."]
[Result "1-0"]
[WhiteElo "2597"]
[BlackElo "2264"]
[PlyCount "137"]
[EventDate "2008.03.23"]
[Source "www.chesslib.no"]
[SourceDate "2004.05.04"]

1. c4 Nf6 2. Nc3 g6 3. e4 d6 4. d4 Bg7 5. Be2 O-O 6. Bg5 c5 7. d5 e6 8. Qd2 exd5 9. exd5 Re8 10. Nf3 Bg4 11. O-O a6 12. h3 Bxf3 13. Bxf3 Nbd7 14. a4 Qa5 15. Qc2 h6 16. Bd2 Qc7 17. Rae1 Rxe1 18. Rxe1 Re8 19. Bd1 Rxe1+ 20. Bxe1 Qd8 21. Qe2 Kf8 22. g3 Qe7 23. Qxe7+ Kxe7 24. a5 Ne5 25. Be2 Ne8 26. f4 Nd7 27. Kg2 Bd4 28. Kf3 f5 29. Bd3 Ng7 30. b3 h5 31. Ne2 Bf6 32. Bc2 Kf7 33. Bd2 Bb2 34. Nc3 Ne8 35. Ke2 Nef6 36. Nd1 Bd4 37. Ne3 h4 38. gxh4 Bxe3 39. Kxe3 Nh5 40. Bd1 Ke7 41. Bf3 Kd8 42. b4 Kc7 43. Bd1 cxb4 44. Bxb4 Nc5 45. Kd4 Nd7 46. Ke3 Nc5 47. Bc3 Kc8 48. Bd2 Kc7 49. Kd4 Nd7 50. Ba4 Nhf6 51. Bb4 Nh5 52. Ke3 Nhf6 53. Bc3 Nh5 54. Bb2 Kc8 55. Ba3 Kc7 56. Bxd7 Kxd7 57. c5 Nf6 58. Kd4 Kd8 59. Bb4 Kc8 60. Kc4 Kc7 61. cxd6+ Kc8 62. d7+ Kxd7 63. Kd4 Ne4 64. Ke5 Ng3 65. Kf6 Nh5+ 66. Kg5 Kc7 67. d6+ Kd7 68. Kxg6 Nxf4+ 69. Kxf5 1-0

[Event "Zalakaros Open"]
[Site "Zalakaros"]
[Date "1994.??.??"]
[Round "2"]
[White "Farago, Ivan"]
[Black "Zimmerman, Yuri"]
[Result "1-0"]
[WhiteElo "2515"]
[BlackElo "2345"]
[PlyCount "135"]
[EventDate "1994.??.??"]
[Source "www.chesslib.no"]
[SourceDate "2004.05.04"]

1. d4 Nf6 2. c4 g6 3. Nc3 Bg7 4. e4 d6 5. Be2 O-O 6. Bg5 c5 7. d5 e6 8. Qd2 exd5 9. exd5 Qb6 10. Nf3 Bf5 11. O-O Ne4 12. Nxe4 Bxe4 13. Rae1 Nd7 14. b3 Bxf3 15. Bxf3 Rfe8 16. Qc1 a6 17. Bd2 Qc7 18. Rxe8+ Rxe8 19. Re1 Qd8 20. g3 Rxe1+ 21. Qxe1 Kf8 22. Kg2 Qe7 23. Qxe7+ Kxe7 24. Be2 b6 25. g4 Bd4 26. h4 f6 27. f4 Kf7 28. Bd3 a5 29. Kf3 Kg7 30. h5 Bb2 31. Be1 Bd4 32. Bg3 Bc3 33. Bc2 Bb2 34. Kg2 Bc3 35. hxg6 hxg6 36. f5 Ne5 37. fxg6 Nxg4 38. Kf3 Ne5+ 39. Ke2 Bb2 40. Bf5 Bc3 41. Bf4 Bb2 42. Kf2 Bc3 43. Kg3 Be1+ 44. Kh3 Bf2 45. Kg2 Bh4 46. Kf1 Bg5 47. Bg3 Bh6 48. Kg2 Bc1 49. Kh3 Bg5 50. Bh2 Bd2 51. Be4 Bg5 52. Bxe5 fxe5 53. Kg4 Bd8 54. Kf5 Be7 55. Ke6 Bf8 56. Bc2 Kg8 57. Kd7 Kg7 58. Kc6 Be7 59. Kxb6 Bd8+ 60. Kc6 Be7 61. Kd7 Bf8 62. Ke6 Kg8 63. a4 Kg7 64. b4 cxb4 65. c5 dxc5 66. d6 Bxd6 67. Kxd6 e4 68. Bxe4 1-0

[Event "SUI-chT"]
[Site "SUI"]
[Date "2000.??.??"]
[Round "?"]
[White "Mohr, Stefan"]
[Black "Gheorghiu, Florin"]
[Result "1/2-1/2"]
[WhiteElo "2395"]
[BlackElo "2462"]
[PlyCount "54"]
[EventDate "2000.??.??"]
[Source "www.chesslib.no"]
[SourceDate "2004.05.04"]

1. d4 Nf6 2. c4 c5 3. d5 g6 4. Nc3 d6 5. e4 Bg7 6. Be2 O-O 7. Bg5 e6 8. Qd2 exd5 9. exd5 Re8 10. Nf3 Bg4 11. O-O Nbd7 12. h3 Bxf3 13. Bxf3 a6 14. a4 Qe7 15. Rae1 Qf8 16. Bd1 Rxe1 17. Rxe1 Re8 18. Rxe8 Qxe8 19. Bc2 Ne5 20. Qe2 Ned7 21. Qxe8+ Nxe8 22. Bd2 Ne5 23. b3 Nd7 24. g4 Kf8 25. Kg2 Ke7 26. f4 Bd4 27. Ne4 b5 1/2-1/2

[Event "URS-FL"]
[Site "Tallinn"]
[Date "1983.??.??"]
[Round "?"]
[White "Lerner, Konstantin Z"]
[Black "Yurtaev, Leonid"]
[Result "1/2-1/2"]
[WhiteElo "2495"]
[BlackElo "2360"]
[PlyCount "81"]
[EventDate "1983.12.??"]
[Source "ChessBase"]

1. d4 Nf6 2. c4 g6 3. Nc3 Bg7 4. e4 d6 5. Be2 O-O 6. Bg5 c5 7. d5 e6 8. Qd2 exd5 9. exd5 Qb6 10. Nf3 Bf5 11. Nh4 Ne4 12. Nxe4 Bxe4 13. f3 Qxb2 14. Rc1 Qxd2+ 15. Kxd2 Bxd5 16. cxd5 Re8 17. Rhe1 a6 18. Bf4 Bf6 19. g3 g5 20. Bxd6 gxh4 21. Bxc5 Nd7 22. Ba3 hxg3 23. hxg3 Re5 24. Bc4 b5 25. Bb3 a5 26. Bd6 Rf5 27. Ke3 a4 28. Bc2 Rxd5 29. Rcd1 Rxd1 30. Rxd1 Nb6 31. Kf4 Rc8 32. Be4 Rd8 33. Rd3 b4 34. Bc5 Rxd3 35. Bxd3 Nd5+ 36. Ke4 Nc3+ 37. Kf5 Bg7 38. Bc4 Bf8 39. Bd4 Nb1 40. Bd5 Bg7 41. Bc5 1/2-1/2

[Event "Zuerich op"]
[Site "Zuerich"]
[Date "1984.??.??"]
[Round "1"]
[White "Kindermann, Stefan"]
[Black "Karl, Hans"]
[Result "1-0"]
[WhiteElo "2490"]
[BlackElo "2360"]
[PlyCount "73"]
[EventDate "1984.09.??"]
[Source "ChessBase"]

1. d4 Nf6 2. c4 g6 3. Nc3 Bg7 4. e4 d6 5. Be2 O-O 6. Bg5 c5 7. d5 e6 8. Qd2 exd5 9. exd5 Re8 10. Nf3 Bg4 11. O-O Nbd7 12. h3 Bxf3 13. Bxf3 a6 14. a4 Qe7 15. a5 Qf8 16. Rab1 Ne5 17. Be2 Ned7 18. Be3 Ne4 19. Nxe4 Rxe4 20. Bd3 Re7 21. b4 Rc8 22. bxc5 Nxc5 23. Rb6 Be5 24. Rfb1 Nxd3 25. Qxd3 Rec7 26. R1b4 Qd8 27. g3 Qd7 28. Kg2 Re8 29. Bd4 f6 30. Be3 f5 31. Qb3 Re7 32. c5 dxc5 33. d6+ Rf7 34. Qd5 cxb4 35. Qxe5 Rc6 36. Bd4 Rg7 37. Rxb7 1-0

[Event "Katerini GP"]
[Site "Katerini"]
[Date "1993.??.??"]
[Round "4"]
[White "Petursson, Margeir"]
[Black "Vragoteris, Antonios"]
[Result "1-0"]
[WhiteElo "2560"]
[BlackElo "2290"]
[PlyCount "76"]
[EventDate "1993.08.??"]
[Source "www.chesslib.no"]
[SourceDate "2004.05.04"]

1. d4 Nf6 2. c4 g6 3. Nc3 Bg7 4. e4 d6 5. Be2 O-O 6. Bg5 c5 7. d5 a6 8. a4 e6 9. Qd2 exd5 10. exd5 Re8 11. Nf3 Bg4 12. O-O Nbd7 13. h3 Bxf3 14. Bxf3 Qb6 15. Qc2 h5 16. Bd2 Nh7 17. Rae1 Bd4 18. b3 Qd8 19. Rxe8+ Qxe8 20. g3 Qf8 21. Kg2 Re8 22. Bd1 Re7 23. Re1 Rxe1 24. Bxe1 h4 25. g4 Be5 26. Bd2 Qd8 27. f4 Bd4 28. Qe4 Qf6 29. Qe8+ Ndf8 30. Ne4 Qg7 31. Nxd6 f5 32. g5 Qc7 33. Nc8 Nxg5 34. d6 Qf7 35. d7 Nge6 36. d8=Q Nxd8 37. Qxd8 b5 38. Bf3 Kg7 1-0

[Event "Roskilde"]
[Site "Roskilde"]
[Date "1978.??.??"]
[Round "7"]
[White "Fedder, Steen"]
[Black "Ghitescu, Theodor"]
[Result "1-0"]
[WhiteElo "2400"]
[BlackElo "2450"]
[PlyCount "107"]
[EventDate "1978.02.??"]
[Source "ChessBase"]

1. d4 Nf6 2. c4 c5 3. d5 d6 4. Nc3 g6 5. e4 Bg7 6. Nf3 O-O 7. Be2 e6 8. Bg5 h6 9. Bh4 Re8 10. Nd2 e5 11. O-O Nbd7 12. a3 g5 13. Bg3 Nf8 14. b4 b6 15. bxc5 bxc5 16. Rb1 Ng6 17. Qa4 Bf8 18. f3 Nh5 19. Be1 Nhf4 20. g3 Bd7 21. Qc2 Nh3+ 22. Kh1 h5 23. Nb3 a6 24. Nd1 Ba4 25. Qd3 h4 26. Nf2 Nxf2+ 27. Rxf2 f6 28. Bf1 Ra7 29. Na5 Rh7 30. Kg1 hxg3 31. hxg3 Bd7 32. Rfb2 Qe7 33. Rh2 Rxh2 34. Kxh2 Qh7+ 35. Kg1 Re7 36. Nc6 Rg7 37. Nd8 Qh5 38. Ne6 Rh7 39. Bg2 Qh2+ 40. Kf1 Be7 41. Rb8+ Nf8 42. Qb3 Kf7 43. Qb7 Bxe6 44. dxe6+ Nxe6 45. Qc8 Nd8 46. Qxa6 Rh8 47. Qa8 Rf8 48. a4 g4 49. fxg4 Qh6 50. Qd5+ Ne6 51. Rxf8+ Qxf8 52. a5 Qe8 53. g5 fxg5 54. Bh3 1-0

[Event "Dortmund op-A"]
[Site "Dortmund GER"]
[Date "1993.??.??"]
[Round "6"]
[White "Petrosian, Arshak B"]
[Black "Dinstuhl, Volkmar"]
[Result "1/2-1/2"]
[WhiteElo "2490"]
[BlackElo "2360"]
[PlyCount "51"]
[EventDate "1993.04.??"]
[Source "www.chesslib.no"]
[SourceDate "2004.05.04"]

1. d4 Nf6 2. c4 c5 3. d5 d6 4. Nc3 g6 5. e4 Bg7 6. Be2 O-O 7. Bg5 a6 8. a4 e6 9. Qd2 exd5 10. exd5 Qa5 11. Ra3 Re8 12. Nf3 Bg4 13. O-O Nbd7 14. Rb3 Qc7 15. h3 Bxf3 16. Bxf3 h5 17. Qc2 Nh7 18. Bd2 Re7 19. Ra3 Rae8 20. Raa1 Ndf6 21. g3 Qd7 22. Kh2 Qd8 23. Bg2 Nd7 24. Ne4 Ndf6 25. Nc3 Nd7 26. Ne4 1/2-1/2

[Event "JUG Ch"]
[Site "Kladovo"]
[Date "1991.??.??"]
[Round "11"]
[White "Mirkovic, Slobodan"]
[Black "Paunovic, Dragan"]
[Result "1-0"]
[WhiteElo "2390"]
[BlackElo "2455"]
[PlyCount "119"]
[EventDate "1991.02.??"]
[Source "www.chesslib.no"]
[SourceDate "2004.05.04"]

1. d4 Nf6 2. c4 g6 3. Nc3 Bg7 4. e4 d6 5. Be2 O-O 6. Bg5 c5 7. d5 a6 8. a4 e6 9. Qd2 exd5 10. exd5 Re8 11. Nf3 Bg4 12. O-O Nbd7 13. Rfe1 Qb6 14. h3 Bxf3 15. Bxf3 Qb4 16. Bf4 Nb6 17. Be2 Ne4 18. Nxe4 Rxe4 19. Qxb4 cxb4 20. Bxd6 Rae8 21. Kf1 Bxb2 22. Rab1 Bc3 23. f3 Nxc4 24. fxe4 Nxd6 25. Bd3 Bxe1 26. Rxe1 f6 27. a5 Kf7 28. Kf2 Rc8 29. Rb1 Rc5 30. Rxb4 Rxa5 31. Ke3 Ra2 32. g3 Rg2 33. Kf3 Rg1 34. Rb2 Rc1 35. Ke3 Ke7 36. h4 Rc8 37. g4 b5 38. Ra2 Ra8 39. g5 fxg5 40. e5 gxh4 41. exd6+ Kxd6 42. Kd4 h3 43. Rh2 Rc8 44. Ra2 b4 45. Rxa6+ Kd7 46. Ra7+ Rc7 47. Bb5+ Kd8 48. Ra1 Ke7 49. Re1+ Kf7 50. d6 Rc8 51. d7 Rb8 52. Bc6 h2 53. Bd5+ Kf8 54. Kc5 g5 55. Kd6 Rd8 56. Kc7 Rxd7+ 57. Kxd7 g4 58. Ke6 Kg7 59. Kf5 h5 60. Kf4 1-0

[Event "Manila ol (Men)"]
[Site "Manila PHI"]
[Date "1992.??.??"]
[Round "?"]
[White "Ruzele, Darius"]
[Black "Cvitan, Ognjen"]
[Result "0-1"]
[WhiteElo "2340"]
[BlackElo "2505"]
[PlyCount "78"]
[EventDate "1992.06.??"]
[Source "www.chesslib.no"]
[SourceDate "2004.05.04"]

1. d4 Nf6 2. c4 g6 3. Nc3 Bg7 4. e4 d6 5. Be2 O-O 6. Bg5 c5 7. d5 a6 8. a4 e6 9. Qd2 Qa5 10. Ra2 exd5 11. exd5 Re8 12. Nf3 Bg4 13. O-O Nbd7 14. Qf4 Qc7 15. a5 h5 16. h3 Bxf3 17. Qxf3 Nh7 18. Bf4 Be5 19. Bd2 Re7 20. Rfa1 Rae8 21. Bf1 Bf6 22. Qg3 Bd4 23. Qd3 Qd8 24. b3 h4 25. Na4 Re5 26. b4 Qf6 27. Bc3 Bxc3 28. Qxc3 Ng5 29. b5 Qf5 30. Rb2 Nf6 31. bxa6 bxa6 32. Qc1 Nh5 33. Rb8 Nf4 34. Rxe8+ Rxe8 35. Ra3 Re2 36. Qc3 Nfxh3+ 37. Kh2 Nf4 38. Kh1 Rxf2 39. Kg1 Nfh3+ 0-1

[Event "It (open)"]
[Site "?"]
[Date "2005.04.03"]
[Round "7"]
[White "Raetsky Alexander"]
[Black "Thinius Marco"]
[Result "1-0"]
[WhiteElo "2459"]
[BlackElo "2384"]
[PlyCount "69"]
[EventDate "2005.??.??"]
[Source "www.chesslib.no"]
[SourceDate "2004.05.04"]

1. d4 Nf6 2. c4 g6 3. Nc3 Bg7 4. e4 d6 5. Be2 O-O 6. Bg5 c5 7. d5 e6 8. Qd2 exd5 9. exd5 Re8 10. Nf3 Bg4 11. O-O Nbd7 12. h3 Bxf3 13. Bxf3 h5 14. Rae1 Qb6 15. Bd1 Nh7 16. Bf4 Ne5 17. b3 a6 18. Re2 Qa5 19. Ne4 Qc7 20. a4 b6 21. Rfe1 Rab8 22. Bg3 f5 23. Nxd6 Qxd6 24. f4 Nf3+ 25. gxf3 Qd7 26. Bh4 Bf6 27. Bxf6 Nxf6 28. Re6 Rxe6 29. Rxe6 Kf7 30. Qc3 Qd8 31. a5 Nd7 32. Qe1 Nf8 33. Rc6 bxa5 34. Qe5 Qh4 35. Rc7+ 1-0

[Event "Linares Anibal op 9th"]
[Site "Linares"]
[Date "2002.03.07"]
[Round "7"]
[White "Garcia Martinez, Silvino"]
[Black "Vassallo, Mauricio"]
[Result "0-1"]
[WhiteElo "2395"]
[BlackElo "2440"]
[PlyCount "60"]
[EventDate "2002.03.01"]
[Source "ChessBase"]
[SourceDate "2002.05.03"]

1. d4 c5 2. d5 g6 3. c4 Bg7 4. e4 d6 5. Be2 Nf6 6. Nc3 O-O 7. Bg5 e6 8. Qd2 exd5 9. exd5 a6 10. Nf3 b5 11. cxb5 axb5 12. Bxb5 Qe7+ 13. Qe2 Qxe2+ 14. Kxe2 Ba6 15. a4 Nbd7 16. Rhd1 Nb6 17. Kf1 Rfb8 18. Bf4 Nc4 19. Rab1 Nh5 20. Bc1 Nb6 21. Bd2 Nxa4 22. Bxa6 Rxa6 23. Nxa4 Rxa4 24. Bc3 Bxc3 25. bxc3 Rxb1 26. Rxb1 Nf6 27. Rb6 Nxd5 28. Rxd6 Nxc3 29. Rc6 Ra5 30. Ke1 Ne4 0-1

[Event "Athens"]
[Site "Athens GRE"]
[Date "1983.??.??"]
[Round "4"]
[White "Grivas, Efstratios"]
[Black "Sahovic, Dragutin"]
[Result "1/2-1/2"]
[WhiteElo "2360"]
[BlackElo "2475"]
[PlyCount "68"]
[EventDate "1983.??.??"]
[Source "www.chesslib.no"]
[SourceDate "2004.05.04"]

1. d4 Nf6 2. c4 g6 3. Nc3 Bg7 4. e4 d6 5. Be2 O-O 6. Bg5 c5 7. d5 e6 8. Qd2 exd5 9. exd5 Qb6 10. Nf3 Bf5 11. Rc1 Ne4 12. Nxe4 Bxe4 13. b3 Bxf3 14. Bxf3 Re8+ 15. Be2 Nd7 16. O-O f5 17. Rfe1 Ne5 18. h3 Qc7 19. Be3 Re7 20. Bf1 Bf6 21. f4 Nf7 22. Bf2 Rae8 23. Rxe7 Rxe7 24. Re1 Rxe1 25. Qxe1 Qe7 26. Qxe7 Bxe7 27. Bd3 h5 28. g4 hxg4 29. hxg4 Nh6 30. gxf5 Nxf5 31. Kg2 Kf7 32. Kf3 b6 33. Kg4 Nh6+ 34. Kh3 Nf5 1/2-1/2

[Event "AUT Team Ch"]
[Site "Austria"]
[Date "1991.??.??"]
[Round "?"]
[White "Horvath, Csaba"]
[Black "Kostic, Vladimir"]
[Result "1-0"]
[WhiteElo "2460"]
[BlackElo "2375"]
[PlyCount "53"]
[EventDate "1991.??.??"]
[Source "www.chesslib.no"]
[SourceDate "2004.05.04"]

1. d4 Nf6 2. c4 g6 3. Nc3 Bg7 4. e4 d6 5. Be2 O-O 6. Bg5 c5 7. d5 e6 8. Qd2 exd5 9. exd5 Re8 10. Nf3 Na6 11. O-O Qb6 12. Rae1 Bf5 13. Nh4 Ne4 14. Nxe4 Bxe4 15. f3 h6 16. Bxh6 Bxh6 17. Qxh6 Bc2 18. Qc1 Qd8 19. g3 Ba4 20. f4 Qf6 21. f5 Qd4+ 22. Kh1 Nb4 23. fxg6 fxg6 24. b3 Bd7 25. Qg5 Qe4+ 26. Bf3 Qd3 27. Be4 1-0

[Event "Bled ol (Men)"]
[Site "?"]
[Date "2002.10.28"]
[Round "3"]
[White "Olafsson Helgi"]
[Black "Peralta Eduardo"]
[Result "1-0"]
[WhiteElo "2476"]
[BlackElo "2355"]
[PlyCount "79"]
[EventDate "2002.??.??"]
[Source "www.chesslib.no"]
[SourceDate "2004.05.04"]

1. d4 Nf6 2. c4 c5 3. d5 d6 4. Nc3 g6 5. e4 Bg7 6. Be2 O-O 7. Bg5 e6 8. Qd2 exd5 9. exd5 Re8 10. Nf3 Bg4 11. O-O Nbd7 12. h3 Bxf3 13. Bxf3 a6 14. a4 Qa5 15. Qc2 Rab8 16. Bd2 Qc7 17. a5 Re7 18. Rfe1 Rbe8 19. Rxe7 Rxe7 20. Na4 Ne8 21. Rb1 Bd4 22. b4 f5 23. bxc5 dxc5 24. Rxb7 Qg3 25. Bc3 Ne5 26. Rxe7 Nxf3+ 27. Kf1 Nh2+ 28. Ke1 Qxg2 29. Rxe8+ Kf7 30. Qe2 Bxc3+ 31. Kd1 Bf6 32. Qe6+ Kg7 33. Rg8+ Kh6 34. Qxf6 Qf1+ 35. Kc2 Nf3 36. Nxc5 Qxc4+ 37. Qc3 Qa2+ 38. Kc1 Qxd5 39. Re8 Nd4 40. Kb2 1-0

[Event "Graz Open"]
[Site "Graz AUT"]
[Date "1994.??.??"]
[Round "3"]
[White "Sakalauskas, Vaidas"]
[Black "Mahdi, Khaled"]
[Result "1-0"]
[WhiteElo "2380"]
[BlackElo "2450"]
[PlyCount "79"]
[EventDate "1994.09.??"]
[Source "www.chesslib.no"]
[SourceDate "2004.05.04"]

1. d4 Nf6 2. c4 c5 3. d5 g6 4. Nc3 Bg7 5. e4 O-O 6. Be2 d6 7. Bg5 e6 8. Qd2 exd5 9. exd5 a6 10. a4 Re8 11. Nf3 Qe7 12. O-O Qf8 13. h3 h6 14. Bf4 Bf5 15. Nh4 Bc8 16. Be3 Ne4 17. Nxe4 Rxe4 18. Nf3 Nd7 19. Bd3 Re8 20. a5 f5 21. Qc2 b6 22. Bd2 Rb8 23. axb6 Rxb6 24. Rab1 Rb7 25. b3 Nf6 26. b4 Ne4 27. bxc5 Nxc5 28. Rxb7 Bxb7 29. Rb1 Bc8 30. Bb4 g5 31. Bf1 Qf6 32. Rd1 g4 33. hxg4 fxg4 34. Nd4 g3 35. fxg3 Ne4 36. Ne6 Bxe6 37. Qxe4 Bf7 38. Qf4 Qb2 39. Bxd6 a5 40. Bd3 1-0